Loading...
| Current Events | 1 | 10.00 | 100% | 0% | 0% |
| Fine Arts - Classical Music | 2 | 10.00 | 100% | 0% | 0% |
| Fine Arts - Other Fine Arts | 5 | 16.00 | 100% | 60% | 0% |
| Fine Arts - Painting and Sculpture | 3 | 10.00 | 67% | 33% | 0% |
| Geography | 1 | 10.00 | 100% | 0% | 0% |
| History - American History | 6 | 15.00 | 100% | 33% | 17% |
| History - European History | 6 | 18.33 | 100% | 50% | 33% |
| History - Other History | 4 | 5.00 | 50% | 0% | 0% |
| History - World History | 6 | 10.00 | 100% | 0% | 0% |
| Literature - American Literature | 5 | 14.00 | 80% | 40% | 20% |
| Literature - British Literature | 4 | 12.50 | 100% | 25% | 0% |
| Literature - European Literature | 2 | 10.00 | 100% | 0% | 0% |
| Literature - World Literature | 6 | 10.00 | 83% | 17% | 0% |
| Mythology | 6 | 15.00 | 100% | 50% | 0% |
| Philosophy | 3 | 10.00 | 100% | 0% | 0% |
| Pop Culture | 1 | 20.00 | 100% | 100% | 0% |
| Religion | 9 | 13.33 | 89% | 22% | 22% |
| Science - Biology | 5 | 14.00 | 100% | 20% | 20% |
| Science - Chemistry | 4 | 7.50 | 75% | 0% | 0% |
| Science - Other Science | 2 | 10.00 | 50% | 50% | 0% |
| Science - Physics | 4 | 10.00 | 100% | 0% | 0% |
| Social Science | 4 | 7.50 | 75% | 0% | 0% |